000 01363cam a22003737a 4500
003 CHAP
005 20220329142910.0
008 010920d2001 mx r 00110 spa d
010 _a89376
011 _a90348
035 _a100904
040 _cCHAP
090 _aTesis
100 0 0 _aTéllez Palos, Pablo.
_9113558
245 1 0 _aEstudio de las variables críticas que afectan la calidad de bebidas refrescantes de la empresa Coca Cola Femsa, Los Reyes, Estado de México
_c/por Pablo Téllez Palos
260 _aChapingo, Méx. :
_bEl autor,
_c2004.
300 _a68 h. :
_bilus. ; anexo
502 _aTesis (Ing. Agroindustrial) - - UACH. Departamento de Ingeniería Agroindustrial
590 _aALEPH
_b10
_c20130110
_lUCH01
_h1503
590 _aBATCH-UPD
_b10
_c20130110
_lUCH01
_h0210
590 _aBATCH-UPD
_b10
_c20130110
_lUCH01
_h1451
590 _aBATCH-UPD
_b10
_c20130409
_lUCH01
_h2225
590 _aBATCH-UPD
_b10
_c20130914
_lUCH01
_h0555
590 _aCONVERSION
_b10
_c20130109
_lUCH01
_h1350
650 1 4 _aBebidas
_xCalidad.
_911111
650 1 4 _aCalidad
_xControl de la.
_917484
650 1 4 _aGaseosas.
_947215
650 1 4 _aIndustria refresquera.
_957915
901 _aBK
905 _aLilia
942 _cFOLL
949 _aTesis
_bBC
_cTES
_d100904
_eTS1
_h43268
_i100904
_sb
949 _aTesis
_bBC
_cTES
_d33724000932331
_eTS2
_fc.2
_h43269
_i100904
_si
999 _c89376
_d89376